| 000 | 00457cam a22001577a 4500 | ||
|---|---|---|---|
| 008 | 180718b1988 xxu||||| |||| 00| 0 eng d | ||
| 082 | _aI2402x54 P17 | ||
| 100 | _aPal, R.N. | ||
| 245 |
_aInformation Prime Minister's obligation _cby R.N. Pal and Sudesh Rani |
||
| 260 |
_aNew Delhi _bGhanshyam _c1988 |
||
| 300 | _a249p. | ||
| 650 | _aExecutive power --India | ||
| 650 | _aPrime ministers --India | ||
| 650 | _aPresidents --India | ||
| 700 | _aSudesh Rani | ||
| 999 |
_c351256 _d351256 |
||